Non-US General Knowledge - Statistics

General Stats
  • This quiz has been taken 22 times
  • The average score is 9 of 20
Answer Stats
Hint Answer % Correct
The Christ the Redeemer statue is found in this city Rio de Janeiro
86%
This is the ninth month of the Islamic Calendar where Muslims fast from dawn to dusk Ramadan
81%
These group of people from Nepal are known for being guides on Mount Everest Sherpas
81%
Despite being a star math student, this scientist is commonly said to have failed math Albert Einstein
76%
Which modern language is said to be closest to Old Norse Icelandic
76%
The British and Chinese went to war twice over the supply and sale of this drug harvested from the Poppy flower Opium
76%
The State of Origin is a rugby league competition between two states in this country Australia
62%
This headgear is commonly associated with military uniforms and was famously worn by Che Guevara Beret
62%
Cleopatra is commonly said to have died after being bitten by this snake Asp
57%
This Actor played J Robert Oppenheimer in the Oscar Winning Movie Cillian Murphy
52%
What is the most popular internet browser by market share Google Chrome
52%
What does LBW stand for in cricket Leg before Wicket
33%
This footballer had an altercation with Sir Alex Ferguson that resulted in a boot being thrown at his face. David Beckham
29%
This Western European country is jokingly said to be a Slavic country due to its population metrics and sound of its language Portugal
29%
The song Dragostea din Tei is sung in this language Romanian
29%
The medieval Italian city states of Bologna and Modena were said to have gone to war over this household item Bucket
24%
This period in Japan was marked by rapid industrialization and the power shifting from the shogun to the emperor Meiji Restoration
24%
DNA is made of base pairs. What is paired together with Guanine Cytosine
10%
Yum Cha is a Cantonese tradition of having tea and dimsum. What does Yum Cha translate to Drinking Tea
0%
Most commercial flights are made under IFR. What does IFR stand for? Instrument Flight Rules
0%
No matching quizzes found
Score Distribution
Percent of People with Each Score
Percentile by Number Answered
Your Score History
You have not taken this quiz